01127 a2200181 4500003000500000005001700005040000900022082001800031100002900049245005900078260003900137300000900176505056900185650003400754942001200788999001900800952012600819Nust20221124165930.0 cNust a621.38152,ALL aCharles L. Alley9103533 aSemiconductor devices and circuits /cCharles L. Alley aLondonbJohn Wiley and sonsc1971. a490p aIntroductions (Page-1), Semiconductors (Page-10), Junction Diodes (Page-28), Junction Transistors (Page-66), Common –Emitter Amplifiers (Page-90), Devices with High Input Impedance (Page-120), Recouped amplifiers (Page-149), Transformers Coupled Amplifiers (Page-191), Small Signal Tuned Amplifiers (Page-207), Direct Coupled Amplifiers (Page-243), Multistage Amplifiers (Page-256), Negative Feedback (Page-286), Integrated Circuits (Page-351), Power Supplies (Page-384), Pulse and Digital Circuits (Page-420), Semiconductors Devices Characteristics (Page-471). aTelecommunication Engineering 2ddccBK c182208d182208 00102ddc4070aMCSbMCScGENd2016-12-12o621.38152,ALLpMCS5896r2016-12-08w2016-12-12yBKzAlmirah No.32, Shelf No.4